| 000 | 00456nam a22001577a 4500 | ||
|---|---|---|---|
| 003 | CEME | ||
| 005 | 20210628205123.0 | ||
| 008 | 210226b xxu||||| |||| 00| 0 eng d | ||
| 040 | _c. | ||
| 082 | _a621.48 NUC'S | ||
| 100 |
_aSnells, A. H _974029 |
||
| 245 | _aNuclear instruments and their uses ionization detection scintillators cerenkov counters amplifirs assay dosimetry | ||
| 260 |
_aNEWYORK _bJOHN WILEY _c1962 |
||
| 300 | _a494P | ||
| 942 |
_cBK _2ddc |
||
| 999 |
_c579610 _d579610 |
||